| 000 | 00618nam a2200205Ia 4500 | ||
|---|---|---|---|
| 003 | GCL | ||
| 008 | 140319s9999 xx 000 0 ara d | ||
| 040 |
_aGCL / _cGCL |
||
| 082 | 0 | 4 |
_a361.4 _bم م |
| 100 | 1 | _aمحمد صالح بهجت | |
| 245 | 1 | 0 |
_aالمدخل فى العمل مع الجماعات / _cمحمد صالح بهجت |
| 260 |
_a[S.N] : _bالمكتب الجامعى الحديث |
||
| 300 | _a310 | ||
| 490 | _a | ||
| 650 | 0 | 4 | _aتنظيم المجتمع |
| 650 | 0 | 4 | _aخدمة الفرد |
| 650 | 0 | 4 | _aالخدمة الاجتماعية |
| 650 | 0 | 4 | _aخدمة الجماعة |
| 942 |
_2ddc _cBK |
||
| 999 |
_c54998 _d54998 |
||